Responses for Show #7078 - Wednesday, May 27, 2015

Dan Feitel game 2.

Contestants

[<< previous game]

Jane Longacre, a pediatrician from Ambler, Pennsylvania

Kate Cox, a writer from Arlington, Virginia

Dan Feitel, an attorney originally from Gillette, New Jersey (whose 1-day cash winnings total $27,599)

[next game >>]

Jeopardy! Round responses

GREAT AMERICAN NOVELS
THE OTHER ACTING BROTHER
MURDERED TO DEATH
SOBRIQUETS
AYE
THERE'S THE "RUB"
    $200 6
Moby-Dick

Kate
    $200 1
(Sean) Connery

Dan
    $200 7
(Julius) Caesar

Dan
    $200 12
(Mother) Teresa

Dan
    $200 26
the green light

Jane
    $200 18
rub-a-dub-dub

Kate
    $400 8
in Heaven

Kate
    $400 2
Martin Sheen

Jane
    $400 14
Francis Scott Key

Kate
    $400 13
Delaware

Kate
    $400 27
Katie Holmes

Dan
    $400 19
scrub

Jane
    $600 9
One Flew Over the Cuckoo's Nest

Dan
    $600 3
(Patrick) Swayze

Dan
    $600 15
(Jeffrey) Dahmer

Kate
    $1,000 23
(Alex: My little "ni" got to you. You like Monty Python?)
(Kate: I do, yes.)
...
(Alex: Minute to go now, a little less than a minute.)

The New York Times

Kate
    $600 20
a money-grubber

Dan
    $800 10
(Kate: What is Atlas Shrugged?)
(Jane: What is...)
(Alex: Oh, it's not coming to you.)
...
(Alex: Yes, the other novel by Ayn Rand.)

The Fountainhead

DanKateJane
    $800 4
(Dan: Who is Dillon?)
(Alex: Be more specific.)
(Dan: Who is Matt Dillon?)

Kevin Dillon

Dan
Triple Stumper
    $800 16
Lizzie Borden

Kate
    $800 25
Tasmania

Kate
    $800 21
pub grub

Kate
    $1000 11
Absalom, Absalom!

Dan
    $1000 5
Casey Affleck

Dan
    $1000 17
(Richard) Loeb

Jane
    $1000 24
[Alex mispronounces "horticulturist" as "horticulturalist" when reading the clue.]

Luther Burbank

Triple Stumper
    $1000 28
[The end-of-round signal sounds.]
(Alex: Now, before we take the break, I believe I made another mistake that I have made in the past. I said, "horticulturalist" instead of "horticulturist". I apologize for that, and I've saved our staff from correcting me again. Back in a moment.)

cloture

Dan
    $1000 22
[Kate smiles and chuckles at the response.]

a shrubbery

Kate

Scores at the first commercial break (after clue 15):

Dan Kate Jane
$3,800 $1,200 -$400

Scores at the end of the Jeopardy! Round:

Dan Kate Jane
$5,800 $5,800 $1,200

Double Jeopardy! Round responses

ON THE MEDITERRANEAN
MUSIC MISHMASH
ANATOMY
TRANSPORTATION MILESTONES
THE LATE 19th CENTURY
GIVE ME 5-LETTER WORDS
    $400 2
Beirut

Jane
    $400 27
Billboard

Kate
    $400 1
the epidermis

Dan
    $400 21
a control tower

Kate
    $400 12
Franz Ferdinand

Dan
    $400 7
sloth

Dan
    $800 17
Morocco

Dan
    $800 26
gospel

Dan
    $800 3
(Kate: What is the carotid?)

the aorta

KateJane
    $800 22
Toronto

Dan
    $800 13
(Alfred) Nobel

Dan
    $800 8
paddy

Dan
    $1200 18
Cannes

Dan
    $1200 4
the scapula

Triple Stumper
    $1200 23
[Kate gave both listed responses.]

the starter or ignition

Kate
    $1200 14
Tammany Hall

Dan
    $1200 9
stout

Dan
    $3,000 19
Tel Aviv

Dan
    $1600 28
the Pointer Sisters

Jane
    $2,000 5
(Alex: Jane, nothing's coming?)
(Jane: No.)

pharynx & larynx

Jane
    $1600 24
George Westinghouse

Triple Stumper
    $1600 15
(Dan: What is the Crimean War?)
(Kate: What is the Boer War?)

the Franco-Prussian War

DanKate
Triple Stumper
    $1600 10
sepia

Kate
    $2000 20
(Dan: What is Madeira?)

Valencia

DanKate
    $2000 29
[The end-of-round signal sounds.]

hate the game

Dan
    $2000 6
(Jane: What is the pineal gland?)

the pituitary

Jane
Triple Stumper
    $2000 25
(Kate: What is tarmac?)
(Jane: What is asphalt?)
...
(Alex: Less than a minute now.)

macadam

KateJane
Triple Stumper
    $2000 16
Harare (Zimbabwe)

Triple Stumper
    $2000 11
kendo

Dan

Scores at the end of the Double Jeopardy! Round:

Dan Kate Jane
$18,000 $7,000 -$2,000
(lock game)

[wagering suggestions for these scores]

Final Jeopardy! Round responses

GOVERNORS
(Alex: Remember folks, the young man is originally from New Jersey...)
KateWho are ?
$6,999
DanWho is Christie + Cuomo?
$0
Christie & Cuomo

Final scores:

Dan Kate Jane
$18,000 $1 -$2,000
2-day champion: $45,599 2nd place: $2,000 3rd place: $1,000

Game dynamics:

Coryat scores:

Dan Kate Jane
$16,600 $6,600 $0
25 R
(including 1 DD),
3 W
16 R
(including 1 DD),
4 W
7 R,
4 W
(including 1 DD)

Combined Coryat: $23,200

[game clues] [game scores] [suggest correction]

Game tape date: Unknown
The J! Archive is created by fans, for fans. Scraping, republication, monetization, and malicious use prohibited; this site may use cookies and collect identifying information. See terms. The Jeopardy! game show and all elements thereof, including but not limited to copyright and trademark thereto, are the property of Jeopardy Productions, Inc. and are protected under law. This website is not affiliated with, sponsored by, or operated by Jeopardy Productions, Inc. Join the discussion at JBoard.tv.